A kommunizmus kilátástalansága és a szocializmus reformációja

Elmentve itt :
Bibliográfiai részletek
Szerző: Falusi Norbert
Dokumentumtípus: Cikk
Megjelent: Belvedere Meridionale Szeged 2009
Sorozat:Belvedere Meridionale 21 No. 7-8
Kulcsszavak:Politikatörténet - Magyarország - 20. sz.
Tárgyszavak:
Online Access:http://acta.bibl.u-szeged.hu/5234
LEADER 00756nab a2200193 i 4500
001 acta5234
005 20250716150121.0
008 161015s2009 hu o 000 hun d
040 |a SZTE Egyetemi Kiadványok Repozitórium  |b hun 
041 |a hun 
100 1 |a Falusi Norbert 
245 1 2 |a A kommunizmus kilátástalansága és a szocializmus reformációja  |h [elektronikus dokumentum] /  |c  Falusi Norbert 
260 |a Belvedere Meridionale  |b Szeged  |c 2009 
300 |a 21-36 
490 0 |a Belvedere Meridionale  |v 21 No. 7-8 
650 4 |a Bölcsészettudományok 
650 4 |a Történettudomány és régészet 
695 |a Politikatörténet - Magyarország - 20. sz. 
856 4 0 |u http://acta.bibl.u-szeged.hu/5234/1/belvedere_2009_007_008_021-036.pdf  |z Dokumentum-elérés